Basic skills for Toef® iBT (CD) : Speaking 1
Đã lưu trong:
| 主要作者: | |
|---|---|
| 格式: | 圖書 |
| 語言: | Undetermined |
| 出版: |
Compass Publishing
2008
|
| 主題: | |
| 標簽: |
添加標簽
沒有標簽, 成為第一個標記此記錄!
|
| Thư viện lưu trữ: | Trung tâm Học liệu Trường Đại học Cần Thơ |
|---|
| LEADER | 00664nam a2200217Ia 4500 | ||
|---|---|---|---|
| 001 | CTU_183101 | ||
| 008 | 210402s9999 xx 000 0 und d | ||
| 082 | |a 428.0076 | ||
| 082 | |b B311/S1 | ||
| 100 | |a Getzel, Edaan | ||
| 245 | 0 | |a Basic skills for Toef® iBT (CD) : | |
| 245 | 0 | |b Speaking 1 | |
| 245 | 0 | |c Getzel Edaan, Tanya Yaunish | |
| 260 | |b Compass Publishing | ||
| 260 | |c 2008 | ||
| 650 | |a English language,TOEFL iBT,Hướng dẫn học thi Tiếng Anh | ||
| 650 | |x Study guides | ||
| 650 | |y Examinations | ||
| 904 | |i Mã hoá cutter theo tên sách | ||
| 910 | |a Nguyên | ||
| 980 | |a Trung tâm Học liệu Trường Đại học Cần Thơ | ||